banner-ar

هولوكوست غزة فى نظر القانون الدولى / (Record no. 61664)

MARC details
000 -الفاتح
حقل البيانات ثابتة الطول 00987nam a22002417a 4500
005 - وقت وتاريخ اخر تعامل مع التسجيلة
رقم الضبط 20240530110510.0
008 - عناصر البيانات ثابتة الطول - معلومات عامة
حقل البيانات ثابتة الطول 151027s2010 ua g 000 0 ara d
017 ## - رقم الايداع القانونى
رقم الايداع القانونى 2010/17361
المصدر ( الهيئة المختصة) مصر . دار الكتب المصرية
040 ## - مصدر الفهرسة
وكالة الفهرسة الأصلية EG-CaGPL
082 04 - رقم تصنيف ديوى العشرى
رقم الطبعة 21
رقم التصنيف 341.775\
رقم المادة ع هـ
100 0# - المدخل الرئيسى - إسم شخصى
الإسم الشخصى عبدالله الاشعل
245 ## - بيان العنوان
العنوان هولوكوست غزة فى نظر القانون الدولى /
بيان المسئوليه,etc تاليف عبدالله الاشعل
250 ## - بيان الطبعة
بيان الطبعة ط1
260 ## - PUBLICATION, DISTRIBUTION, ETC. (IMPRINT)
تاريخ النشر أو التوزيع 2010 .
300 ## - الوصف المادى
التعداد 232 ص ؛
أبعاد الوعاء 24 سم .
650 ## - المدخل الاضافى بالموضوع-مصطلح موضوعى
مصطلح موضوعي القضية الفلسطينية
651 04 - المدخل الاضافى بالموضوع - اسم جغرافى
الاسم الجغرافي فلسطين
التقسيم الفرعي العام الوضع الدولى
651 04 - المدخل الاضافى بالموضوع - اسم جغرافى
الاسم الجغرافي فلسطين المحتلة ( 1948 - )
651 04 - المدخل الاضافى بالموضوع - اسم جغرافى
الاسم الجغرافي فلسطين
التقسيم الفرعي العام النزاع العربى الاسرائيلى
651 04 - المدخل الاضافى بالموضوع - اسم جغرافى
الاسم الجغرافي فلسطين
التقسيم الفرعي العام تاريخ
التقسيم الفرعي الزمني العصر الحديث
التقسيم الفرعي العام الاحتلال الصهيونى
942 ## - عناصر المدخل الإضافي( كوها)
مصدر التصنيف او مخطط الترفيف Dewey Decimal Classification
Koha [default] item type كتاب
260 ## - PUBLICATION, DISTRIBUTION, ETC. (IMPRINT)
-- القاهرة :
-- مكتبة جزيرة الورد ،
Holdings
حالة التراجع حالة الفقد حالة تلف ليس للاعارة المكان المؤقت الموقع الحالى تاريخ الاكتساب اجمالي اﻻعارات رقم الطلب الباركود تاريخ اخر مشاهدة تاريخ تفعيل السعر نوع وعاء كوها
        مكتبة القاهرة الكبرى مكتبة القاهرة الكبرى 10/27/2015   341.775\ ع هـ 161011 10/27/2015 10/27/2015 كتاب

Powered By

EGPV